000 00665nam a22001937a 4500
005 20251108173455.0
008 250721s2006 xx 000 0 ara d
020 _a9957322710
082 1 4 _a658.403/سعي
100 1 _aسعيد، سهيله عبد الله
_eمؤلف
245 1 0 _aالجديد في الأساليب الكميه وبحوث العمليات /
246 1 1 _aNEW IN QUANTITAIVE APPROACH & OPERATIONS RESEARCH
264 1 _aعمان :
_bدار الحامد للنشر و التوزيع،
_c2006.
300 _a379 ص.
650 1 7 _aاتخاذ القرارات
650 1 7 _aبحوث العمليات
942 _2ddc
_cBK
999 _c104713
_d104713